Logo BPK

Biblioteka

Politechniki Koszalińskiej

Problemy brytyjskiego szkolnictwa wyższego w latach osiemdziesiątych / (Rekord nr 35522)

Szczegóły MARC
000 -ETYKIETA REKORDU
podpole kontrolne o stałej długości 00646nam a2200169 i 4500
001 - NUMER KONTROLNY REKORDU
pole kontrolne bg
040 ## - ŹRÓDŁO KATALOGOWANIA
Instytucja, która utworzyła rekord BPK
041 0# - KOD JĘZYKA
Kod języka tekstu pol
080 ## - UNIWERSALNA KLASYFIKACJA DZIESIĘTNA - UKD
UKD 378(41)
008 - POLE O STAŁEJ DŁUGOŚCI - DANE KONTROLNE
podpole kontrolne o stałej długości s pl f |000 0 pol
100 1# - NAZWA OSOBOWA
Nazwa osobowa SZARRAS, Henryk
245 10 - TYTUŁ/ODPOWIEDZIALNOŚĆ
Tytuł Problemy brytyjskiego szkolnictwa wyższego w latach osiemdziesiątych /
Pozostałe elementy strefy tytułu i oznaczenia odpowiedzialności Henryk Szarras ; Ministerstwo Edukacji Narodowej. Instytut Polityki Naukowej i Szkolnictwa Wyższego.
260 ## - STREFA ADRESU WYDAWNICZEGO
Miejsce wydania Warszawa ;
-- Łódź :
Nazwa wydawcy/dystrybutora PWN,
Data publikacji, dystrybucji/powstania dokumentu 1989.
650 #9 - HASŁO PRZEDMIOTOWE W FORMIE NAZWY OGÓLNEJ LUB JEDNOSTKOWEJ
Nazwa ogólna lub geograficzna Szkolnictwo wyższe
Określnik geograficzny Wielka Brytania
Określnik chronologiczny od 1980 r.
710 0# - HASŁO DODATKOWE - NAZWA CIAŁA ZBIOROWEGO
Nazwa ciała zbiorowego lub jednostki geograficznej Ministerstwo Edukacji Narodowej
Nazwa jednostki podrzędnej Instytut Polityki Naukowej i Szkolnictwa Wyższego
856 ## - LOKALIZACJA I DOSTĘP DO ELEKTRONICZNYCH DOKUMENTÓW ZDALNYCH
Link (URL) http://koha.tu.koszalin.pl/cgi-bin/koha/opac-detail.pl?biblionumber=35522
Tekst linku Katalog online BPK
942 ## - DODATKOWE ELEMENTY (KOHA)
Typ dokumentu Książka
Egzemplarze
Wycofany Status egzemplarza Uszkodzony Dostępność Lokalizacja stała Lokalizacja bieżąca Miejsce przechowywania Sygnatura Kod kreskowy Typ dokumentu
      Dostępny Biblioteka Politechniki Koszalińskiej Biblioteka Politechniki Koszalińskiej Wypożyczalnia BG S 291 02327204 Książka
© 2023 Biblioteka Politechniki Koszalińskiej :: KOHA